Statistiken für Länder Superlativen Top 3

Klicken Sie hier um das Quiz zu spielen!

Allgemein

  • Dieses Quiz wurde 203 mal gespielt
  • Das Durchschnittsergebnis liegt bei 14 aus 36

Antwortstatistiken

Kategorie#Länder% Korrekt
Größte Einwohnerzahl1China
100%
Größte Einwohnerzahl2Indien
98%
Größte Fläche1Russland
98%
Größte Fläche2Kanada
92%
Größte Einwohnerzahl3Vereinigte Staaten
92%
Größte Fläche3Vereinigte Staaten
91%
Meiste Milliardäre1Vereinigte Staaten
89%
Meiste Milliardäre2China
67%
Längste Küstenlinie1Kanada
66%
Kleinste Fläche1Vatikanstadt
63%
Meiste Seen1Kanada
56%
Niedrigste Einwohnerzahl1Vatikanstadt
56%
Kleinste Fläche2Monaco
49%
Meiste Seen2Russland
45%
Meiste Seen3Vereinigte Staaten
44%
Meiste Milliardäre3Deutschland
35%
Niedrigste Bevölkerungsdichte1Mongolei
32%
Höchste Durchschnittserhebung1Nepal
32%
Längste Küstenlinie2Indonesien
29%
Höchstes BIP pro Kopf1Monaco
28%
Neuestes UN Mitglied1Südsudan
20%
Kleinste Fläche3Nauru
18%
Höchstes BIP pro Kopf2Liechtenstein
16%
Niedrigste Einwohnerzahl2Tuvalu
11%
Niedrigste Einwohnerzahl3Palau
7%
Längste Küstenlinie3Dänemark
5%
Niedrigste Bevölkerungsdichte3Australien
4%
Höchstes BIP pro Kopf3Katar
4%
Neuestes UN Mitglied3Osttimor
4%
Niedrigstes BIP pro Kopf1Burundi
3%
Neuestes UN Mitglied2Montenegro
3%
Höchste Durchschnittserhebung3Kirgisistan
1%
Niedrigste Bevölkerungsdichte2Namibia
1%
Niedrigstes BIP pro Kopf2Somalia
1%
Höchste Durchschnittserhebung2Tadschikistan
1%
Niedrigstes BIP pro Kopf3Zentralafrikanische Republik
1%

Verteilung der Resultate

Perzentil nach korrekt beantworteten Fragen

Anzahl Personen mit jedem Resultat

Ihre Resultats-Entwicklung

Sie haben dieses Quiz noch nicht gespielt